Dios, Iglesia, sacerdocio (Registro nro. 148874)

Detalles MARC
000 -LEADER
campo de control de longitud fija 00682nam a2200193 4500
001 - NÚMERO DE CONTROL
campo de control 148874
003 - IDENTIFICADOR DE NÚMERO DE CONTROL
campo de control ES-MaACL
007 - CAMPO FIJO DE DESCRIPCIÓN FÍSICA--INFORMACIÓN GENERAL
campo de control de longitud fija t|
008 - DATOS DE LONGITUD FIJA--INFORMACIÓN GENERAL
campo de control de longitud fija 070214s1953 sp r ||||1| spa d
100 1# - ENTRADA PRINCIPAL--NOMBRE DE PERSONA
Nombre de persona Suhard, Emmanuel.
9 (RLIN) 108741
245 10 - MENCIÓN DEL TÍTULO
Título Dios, Iglesia, sacerdocio
Resto del título : (tres pastorales) /
Mención de responsabilidad, etc. Emmanuel Cardenal Suhard ; prólogo de Carlos Santamaría ; [traducción de Eulogio Ramírez, Jesús San Clemente].
260 ## - PUBLICACIÓN, DISTRIBUCIÓN, ETC.
Lugar de publicación, distribución, etc. Madrid :
Nombre del editor, distribuidor, etc. Rialp,
Fecha de publicación, distribución, etc. 1953 (
Fabricante Escelicer)
300 ## - DESCRIPCIÓN FÍSICA
Extensión 431 p. ;
Dimensiones 17 cm.
700 1# - ENTRADA AGREGADA--NOMBRE PERSONAL
Nombre de persona Santamaría, Carlos.
9 (RLIN) 103281
700 1# - ENTRADA AGREGADA--NOMBRE PERSONAL
Nombre de persona Ramirez, Eulogio.
9 (RLIN) 186414
700 1# - ENTRADA AGREGADA--NOMBRE PERSONAL
Nombre de persona San Clemente, Jesús.
9 (RLIN) 102229
852 ## - LOCALIZACIÓN
Ubicación ES-MaACL
Número de control de estantería C-7421
Sublocalización o colección R.35440
Existencias
Estatus retirado Estado de pérdida Estado de daño No para préstamo Biblioteca de origen Biblioteca actual Ubicación en estantería Fecha de adquisición Fuente de adquisición Total de préstamos Signatura topográfica completa Código de barras Visto por última vez Precio de reemplazo Tipo de ítem Koha
        Biblioteca del Ateneo de Madrid Biblioteca del Ateneo de Madrid Sala Palomar 17/01/2008     C-7421 1155357 23/02/2023 23/02/2023 Libro impreso